[Event "Tourn. n7936"]
[Site "www.chess-mail.com"]
[Date "2015.01.07"]
[Round "1"]
[White "Louis"]
[Black "Blackpool"]
[WhiteElo "1890"]
[BlackElo "1840"]
[Result "0-1"]
[Round "1"]
1.f4 e5
2.fxe5 d6
3.exd6 Bf8xd6
4.Ng1f3 g5
5.g3 g4
6.Nf3h4 Ng8e7
7.d4 Ne7g6
8.Nh4xg6 hxg6
9.Qd1d3 Nb8c6
10.c3 Bc8f5
11.e4 Qd8e7
12.Bf1g2 O-O-O
{ resign }
0-1

[Event "Tourn. n7777"]
[Site "www.chess-mail.com"]
[Date "2015.01.07"]
[Round "1"]
[White "Naujzaid"]
[Black "Maredocla"]
[WhiteElo "1830"]
[BlackElo "2040"]
[Result "0-1"]
[Round "1"]
1.d4 d5
2.c4 c6
3.Nb1c3 dxc4
4.a4 a6
5.e3 Bc8e6
6.Ng1f3 f6
7.Nf3d2 Nb8d7
8.Bf1xc4 Be6xc4
9.Nd2xc4 b5
10.Nc4d2 b4
11.Nc3e4 e6
12.a5 f5
13.Ne4g3 Bf8d6
14.Qd1f3 Ng8f6
15.Qf3xc6 Ke7
16.O-O Qd8b8
17.Nd2c4 Rh8c8
18.Qc6xd6 Qb8xd6
19.Nc4xd6 Kxd6
20.Bc1d2 b3
21.Bd2b4 Kd5
22.Ra1c1 Rc8c2
23.Bb4c3 Nf6e4
24.Ng3xe4 Kxe4
25.f3 Kd3
26.Rf1e1 Nd7f6
27.Rc1d1 Kc4
28.e4 fxe4
29.fxe4 Ra8b8
30.h3 h6
31.Kh2 Rb8b5
32.Kg3 Rb5g5
33.Kf3 Rc2xg2
34.d5 Rg2g3
35.Kf2 exd5
36.exd5 Rg3g2
37.Kf3 Rg5g3
38.Kf4 Nf6xd5
39.Rd1xd5 Kxd5
40.Re1e5 Kc4
41.Re5e4 Kd3
42.Re4d4 Kc2
{ resign }
0-1

[Event "Tourn. n7920"]
[Site "www.chess-mail.com"]
[Date "2015.01.07"]
[Round "1"]
[White "A27l"]
[Black "Theos666"]
[WhiteElo "1420"]
[BlackElo "1350"]
[Result "0-1"]
[Round "1"]
1.c4 e5
2.d3 g6
3.e4 Ng8f6
4.Ng1f3 Nb8c6
5.Bf1e2 Nc6d4
6.Nf3xd4 exd4
7.O-O Bf8g7
8.Nb1d2 O-O
9.Nd2f3 b6
10.h3 c5
11.Nf3h2 { time. }
0-1

[Event "Tourn. n7796"]
[Site "www.chess-mail.com"]
[Date "2015.01.07"]
[Round "1"]
[White "Naujzaid"]
[Black "Julian"]
[WhiteElo "1880"]
[BlackElo "1890"]
[Result "1-0"]
[Round "1"]
1.d4 d5
2.c4 e6
3.Nb1c3 Ng8f6
4.cxd5 exd5
5.Bc1g5 Bf8e7
6.e3 O-O
7.Bf1d3 h6
8.Bg5h4 c6
9.Qd1c2 Nb8d7
10.Ng1f3 Rf8e8
11.O-O Nd7f8
12.Nf3e5 Nf6e4
13.Bh4xe7 Qd8xe7
14.a3 Nf8e6
15.Nc3xe4 dxe4
16.Bd3xe4 Ne6g5
17.Be4d3 Bc8e6
18.f4 f6
19.Ne5g6 Qe7d7
20.fxg5 hxg5
21.h4 Be6g4
22.hxg5 Re8xe3
23.gxf6 Qd7xd4
24.f7 Kh7
25.f8Q Ra8xf8
26.Ng6xf8 Kh6
27.Qc2f2 Re3xd3
28.Qf2xd4 Rd3xd4
29.Ra1e1 a5
30.Nf8e6 Bg4xe6
31.Re1xe6 Kg5
32.Re6e7 b5
33.Re7xg7 Kh6
34.Rg7g3 Rd4c4
35.Kh2 Rc4h4
36.Rg3h3 { resign }
1-0

[Event "Tourn. n7929"]
[Site "www.chess-mail.com"]
[Date "2015.01.07"]
[Round "1"]
[White "Woodpusher2"]
[Black "Rons"]
[WhiteElo "2490"]
[BlackElo "2540"]
[Result "1/2-1/2"]
[Round "1"]
1.e4 c5
2.Ng1f3 d6
3.d4 cxd4
4.Nf3xd4 Ng8f6
5.Nb1c3 a6
6.Bc1g5 e6
7.f4 Qd8b6
8.Qd1d2 Qb6xb2
9.Ra1b1 Qb2a3
10.f5 Nb8c6
11.fxe6 fxe6
12.Nd4xc6 bxc6
13.Bf1e2 Bf8e7
14.O-O O-O
15.Kh1 Ra8a7
16.Qd2e3 Ra7d7
17.Rb1b8 Kh8
18.e5 dxe5
19.Nc3e4 Qa3xe3
20.Bg5xe3 Rd7d8
21.Be2d3 Nf6xe4
22.Rf1xf8 Rd8xf8
23.Bd3xe4 c5
24.Rb8a8 Kg8
25.g4 c4
26.Ra8a7 Be7b4
27.Kg2 Bb4c3
28.Ra7c7 Bc3d4
29.Be3xd4 exd4
30.Rc7xc4 e5
31.Be4d5 Kh8
32.Kg3 Bc8d7
33.Rc4c5 h5
34.gxh5 Rf8f5
35.Bd5e4 Rf5g5
36.Kf2 Rg5xh5
37.Rc5d5 { draw }
1/2-1/2

[Event "Tourn. n7927"]
[Site "www.chess-mail.com"]
[Date "2015.01.07"]
[Round "1"]
[White "A27l"]
[Black "Genius9"]
[WhiteElo "1420"]
[BlackElo "1220"]
[Result "0-1"]
[Round "1"]
1.e4 c5
2.d3 d6
3.h3 Nb8c6
4.Ng1f3 Ng8f6
5.Bf1e2 g6
6.O-O Bf8g7
7.Nf3h2 O-O
8.Be2g4 Nf6xg4
9.Nh2xg4 { time. }
0-1

[Event "Tourn. n7818"]
[Site "www.chess-mail.com"]
[Date "2015.01.07"]
[Round "1"]
[White "Georgepapi"]
[Black "Uliczny2"]
[WhiteElo "1660"]
[BlackElo "1750"]
[Result "1-0"]
[Round "1"]
1.e4 e5
2.Ng1f3 Ng8f6
3.Nb1c3 Bf8b4
4.d3 Nb8c6
5.Bf1e2 d6
6.O-O O-O
7.Bc1d2 Bc8g4
8.h3 Bg4h5
9.Rf1e1 Bh5g6
10.a3 Bb4a5
11.b4 Ba5b6
12.Bd2g5 h6
13.Bg5xf6 Qd8xf6
14.Nc3d5 Qf6e6
15.Nf3h4 Bg6h7
16.Be2g4 Qe6e8
17.a4 a6
18.a5 Bb6a7
19.Nd5xc7 { resign }
1-0

[Event "Tourn. n7859"]
[Site "www.chess-mail.com"]
[Date "2015.01.07"]
[Round "1"]
[White "Norlavuaram"]
[Black "Falcoale"]
[WhiteElo "2060"]
[BlackElo "2050"]
[Result "1-0"]
[Round "1"]
1.g3 c5
2.Bf1g2 Ng8f6
3.Ng1f3 d5
4.O-O Nb8c6
5.d4 e6
6.b3 a6
7.Bc1b2 b5
8.Nb1d2 Bc8b7
9.Ra1c1 Bf8e7
10.c4 cxd4
11.Nf3xd4 O-O
12.cxb5 Nc6xd4
13.Bb2xd4 axb5
14.Qd1c2 Be7a3
15.Rc1d1 Ra8c8
16.Qc2b1 Bb7a6
17.Rf1e1 Ba3b4
18.Qb1b2 Bb4e7
19.Rd1c1 Qd8d7
20.b4 Rc8c6
21.Rc1xc6 Qd7xc6
22.Re1c1 Qc6d6
23.a3 Rf8e8
24.Nd2b3 Be7d8
25.Bd4e5 Qd6b6
26.Nb3c5 Bd8e7
27.e3 Re8c8
28.Be5d4 Qb6d6
29.Bd4e5 Qd6d8
30.h3 Rc8c6
31.Bg2f1 Qd8c8
32.a4 bxa4
33.Bf1xa6 Qc8a8
34.Ba6f1 a3
35.Qb2a2 h6
36.Be5d4 Nf6e4
37.Bf1b5 Rc6c8
38.Bb5d3 Ne4xc5
39.Bd4xc5 Be7f6
40.Rc1b1 Bf6b2
41.Bc5d4 Bb2xd4
42.exd4 Rc8c3
43.Bd3f1 Qa8a4
44.Kg2 Rc3c2
45.Bf1b5 Rc2xa2
46.Bb5xa4 Ra2d2
47.Rb1a1 Rd2xd4
48.Ra1xa3 Rd4xb4
49.Ba4c2 Rb4b8
50.Ra3b3 Rb8xb3
51.Bc2xb3 Kf8
52.Kf3 Ke7
53.Ke3 Kd6
54.Kd3 f6
55.f4 e5
56.f5 d4
57.Kc4 Kc6
58.Bb3c2 Kd6
59.Bc2e4 Ke7
60.Kd5 Kf7
61.Kd6 h5
62.h4 Kg8
63.Ke6 Kf8
64.Be4d3 Kg8
65.Ke7 Kh7
66.Ke6 Kg8
67.Kd5 Kf8
68.Ke4 Kg8
69.Bd3e2 Kh7
70.Be2xh5 Kh6
71.Bh5e2 Kh7
72.g4 Kh6
73.Be2f3 g6
74.Bf3e2 Kg7
75.Be2d3 Kh6
76.Kd5 gxf5
77.Bd3xf5 Kg7
78.Ke6 { resign }
1-0

[Event "Tourn. n7925"]
[Site "www.chess-mail.com"]
[Date "2015.01.07"]
[Round "1"]
[White "Asoka"]
[Black "Szustan"]
[WhiteElo "2650"]
[BlackElo "2600"]
[Result "1/2-1/2"]
[Round "1"]
1.d4 d5
2.e3 e6
3.Ng1f3 Ng8f6
4.Bf1e2 Bf8e7
5.O-O O-O
6.c4 dxc4
7.Be2xc4 c5
8.Nb1c3 Nb8d7
9.Qd1e2 a6
10.a4 cxd4
11.exd4 Nd7b6
12.Bc4d3 Nb6d5
13.Nf3e5 Nd5b4
14.Rf1d1 Bc8d7
15.Bd3c4 Bd7c6
16.Ne5xc6 bxc6
17.Bc1f4 Be7d6
18.Bf4e5 a5
19.Ra1c1 Ra8b8
20.g3 Qd8e7
21.Nc3a2 Bd6xe5
22.dxe5 Nb4xa2
23.Bc4xa2 Nf6d5
24.Ba2b1 Rf8c8
25.Qe2a6 Qe7b4
26.Rc1xc6 { draw }
1/2-1/2

[Event "Tourn. n7796"]
[Site "www.chess-mail.com"]
[Date "2015.01.07"]
[Round "1"]
[White "Falcoale"]
[Black "Naujzaid"]
[WhiteElo "1800"]
[BlackElo "1880"]
[Result "0-1"]
[Round "1"]
1.e4 c5
2.Ng1f3 d6
3.d4 cxd4
4.Nf3xd4 Ng8f6
5.Nb1c3 e6
6.Bf1d3 a6
7.O-O Bf8e7
8.f4 Qd8c7
9.e5 dxe5
10.fxe5 Qc7xe5
11.Nd4f3 Qe5c5
12.Kh1 O-O
13.Rf1e1 Nb8c6
14.Bc1e3 Qc5h5
15.Nf3g5 Qh5xd1
16.Ra1xd1 h6
17.Ng5e4 Nc6e5
18.Ne4xf6 Be7xf6
19.Bd3f1 Ne5g4
20.Be3b6 Bf6xc3
21.bxc3 Ng4f6
22.Bf1d3 Nf6d5
23.Bb6a5 Bc8d7
24.c4 Nd5f6
25.h3 Bd7c6
26.Ba5c3 Rf8d8
27.Re1f1 Nf6h5
28.Rd1d2 Nh5g3
29.Kg1 Ng3xf1
30.Kxf1 b5
31.cxb5 Bc6xb5
32.Kf2 Bb5xd3
33.cxd3 Ra8c8
34.Bc3e5 f6
35.Be5g3 e5
36.Ke2 Rc8c3
37.Bg3e1 Kf7
38.g3 Ke6
39.Rd2d1 Rc3c2
40.Rd1d2 Rc2xd2
41.Be1xd2 f5
42.a3 Kd5
43.Bd2b4 Rd8c8
44.Kd2 Kd4
45.Bb4a5 g5
46.Ba5b6 Kd5
47.a4 h5
48.a5 h4
49.gxh4 gxh4
50.Bb6a7 Rc8g8
51.Ke2 Rg8g3
{ resign }
0-1

[Event "Tourn. n7806"]
[Site "www.chess-mail.com"]
[Date "2015.01.07"]
[Round "1"]
[White "Anja"]
[Black "Naujzaid"]
[WhiteElo "1640"]
[BlackElo "1900"]
[Result "1-0"]
[Round "1"]
1.e4 c5
2.Nb1c3 Nb8c6
3.g3 d6
4.Bf1g2 Ng8f6
5.Ng1e2 e6
6.O-O Bf8e7
7.d3 O-O
8.h3 a6
9.Bc1e3 Qd8c7
10.f4 Ra8b8
11.a3 b5
12.g4 Bc8b7
13.Ne2g3 Rf8d8
14.Qd1e2 Rb8c8
15.g5 Nf6d7
16.h4 Nc6d4
17.Qe2f2 Nd4c6
18.f5 Nd7e5
19.f6 Be7f8
20.fxg7 Bf8xg7
21.Ng3h5 Ne5g4
22.Nh5f6 Bg7xf6
23.Qf2f4 Ng4xe3
24.gxf6 Ne3xg2
25.Qf4h6 { resign }
1-0

[Event "Tourn. n7962"]
[Site "www.chess-mail.com"]
[Date "2015.01.07"]
[Round "1"]
[White "Generalfree"]
[Black "Falcoale"]
[WhiteElo "1810"]
[BlackElo "1870"]
[Result "1-0"]
[Round "1"]
1.e4 c5
2.Nb1c3 Nb8c6
3.Bf1c4 e6
4.Ng1f3 a6
5.a3 b5
6.Bc4a2 Bc8b7
7.d3 Ng8f6
8.b3 d5
9.exd5 Nf6xd5
10.Nc3xd5 exd5
11.Qd1e2 Bf8e7
12.Nf3e5 O-O
13.Ne5xc6 Bb7xc6
14.O-O Rf8e8
15.Qe2d1 Qd8d6
16.g3 d4
17.f3 Be7f6
18.Bc1f4 Bf6e5
19.Bf4xe5 Qd6xe5
20.Rf1e1 Qe5f5
21.Re1xe8 Ra8xe8
22.Kf2 Bc6xf3
23.Qd1xf3 Qf5g5
24.b4 Qg5d2
25.Kf1 Re8f8
26.Qf3f2 Qd2g5
27.h4 Qg5g4
28.bxc5 Qg4d7
29.Ra1e1 Rf8c8
30.Re1e5 Rc8f8
31.Re5d5 Qd7h3
32.Kg1 Qh3g4
33.Rd5xd4 Qg4g6
34.Rd4d6 Qg6g4
35.Rd6xa6 Qg4d1
36.Kg2 Qd1h5
37.Ra6b6 g6
38.Rb6xb5 { resign }
1-0

[Event "Tourn. n7804"]
[Site "www.chess-mail.com"]
[Date "2015.01.07"]
[Round "1"]
[White "Naujzaid"]
[Black "Chessfan"]
[WhiteElo "1900"]
[BlackElo "1809"]
[Result "0-1"]
[Round "1"]
1.d4 Ng8f6
2.c4 e6
3.Nb1c3 d5
4.cxd5 exd5
5.Bc1g5 Bf8e7
6.e3 c6
7.Bf1d3 Nb8d7
8.Qd1c2 O-O
9.Ng1f3 Rf8e8
10.O-O Nd7f8
11.Ra1e1 Nf6e4
12.Bg5xe7 Qd8xe7
13.Bd3xe4 dxe4
14.Nf3d2 f5
15.f3 exf3
16.Nd2xf3 Bc8e6
17.e4 fxe4
18.Re1xe4 Qe7d6
19.Nf3g5 Be6c4
20.Rf1xf8 Re8xf8
21.Re4f4 Rf8xf4
22.Qc2xh7 Kf8
23.Qh7h8 Bc4g8
24.Ng5h7 Kf7
25.Nh7g5 Kg6
{ resign }
0-1

[Event "Tourn. n7983"]
[Site "www.chess-mail.com"]
[Date "2015.01.07"]
[Round "1"]
[White "Guidom"]
[Black "Luban"]
[WhiteElo "2040"]
[BlackElo "2080"]
[Result "1/2-1/2"]
[Round "1"]
1.e4 c6
2.d4 d5
3.exd5 cxd5
4.Ng1f3 e6
5.Bc1f4 Ng8f6
6.c3 Nb8c6
7.Bf1b5 Bc8d7
8.O-O Bf8e7
9.Nb1d2 O-O
10.Bb5d3 Nf6h5
11.Bf4g3 Nh5xg3
12.hxg3 Be7f6
13.Rf1e1 Qd8c7
14.Ra1c1 e5
15.dxe5 Nc6xe5
16.Nf3xe5 Bf6xe5
17.Qd1h5 f5
18.Nd2f3 g6
19.Qh5h6 Be5g7
20.Qh6h4 Bd7c6
21.Nf3g5 Bg7f6
22.Qh4h6 Bf6xg5
23.Qh6xg5 Qc7g7
24.Re1e7 Qg7f6
25.Qg5e3 Rf8e8
26.Re7xe8 Bc6xe8
27.Rc1e1 Be8f7
28.Qe3c5 Qf6c6
29.Qc5xc6 bxc6
30.b3 Ra8e8
{ draw }
1/2-1/2

[Event "Tourn. n7960"]
[Site "www.chess-mail.com"]
[Date "2015.01.07"]
[Round "1"]
[White "Tenzinnima"]
[Black "Averoes"]
[WhiteElo "2180"]
[BlackElo "2220"]
[Result "1/2-1/2"]
[Round "1"]
1.d4 Ng8f6
2.c4 e6
3.g3 b6
4.Bf1g2 c6
5.Ng1f3 Bc8a6
6.Qd1c2 Bf8b4
7.Bc1d2 Qd8e7
8.O-O d5
9.cxd5 exd5
10.Qc2a4 Bb4xd2
11.Nb1xd2 O-O
12.Rf1e1 Ba6b5
13.Qa4c2 Nf6e4
14.a4 Ne4xd2
15.Nf3xd2 Bb5a6
16.e4 Qe7d6
17.exd5 cxd5
18.Re1e5 Ba6b7
19.Nd2c4 Qd6d7
20.Nc4e3 Nb8a6
21.Ne3xd5 Bb7xd5
22.Bg2xd5 Na6b4
23.Qc2b3 Nb4xd5
24.Re5xd5 Qd7e6
25.Qb3b5 Rf8d8
26.Rd5xd8 Ra8xd8
27.a5 g6
28.axb6 axb6
29.Ra1a6 Rd8xd4
30.Ra6a1 { draw }
1/2-1/2

[Event "Tourn. n7801"]
[Site "www.chess-mail.com"]
[Date "2015.01.07"]
[Round "1"]
[White "Naujzaid"]
[Black "Neo"]
[WhiteElo "1910"]
[BlackElo "1760"]
[Result "1-0"]
[Round "1"]
1.d4 d5
2.c4 dxc4
3.Ng1f3 c6
4.e3 b5
5.a4 a6
6.axb5 cxb5
7.b3 Bc8e6
8.bxc4 bxc4
9.Qd1a4 Nb8d7
10.Bf1xc4 Be6xc4
11.Qa4xc4 e6
12.O-O Bf8e7
13.Ra1xa6 Ra8xa6
14.Qc4xa6 Ng8f6
15.Bc1a3 O-O
16.Ba3xe7 Qd8xe7
17.Nb1d2 Nd7b8
18.Qa6b5 Nf6d5
19.Rf1b1 Nd5c3
20.Qb5xb8 Rf8xb8
21.Rb1xb8 Qe7f8
22.Rb8xf8 Kxf8
23.Nf3g5 h6
24.Ng5e4 Nc3e2
25.Kf1 Ne2c1
26.f3 Nc1d3
27.Ke2 Nd3c1
28.Kd1 Nc1d3
29.Nd2b3 Nd3b2
30.Ke2 Nb2c4
31.Ne4d2 Nc4d6
32.e4 Nd6b5
33.Kd3 Ke7
34.Nd2c4 Nb5c7
35.Nc4a3 Kd6
36.Kc4 f6
37.Na3b5 Nc7xb5
38.Kxb5 g5
39.g4 Kc7
40.Nb3c5 Kd6
41.Nc5xe6 Kxe6
42.Kc6 Ke7
43.Kc7 Ke6
44.d5 Ke5
45.d6 Kf4
46.d7 Kxf3
47.d8Q Kxg4
48.Qd8d7 Kf4
49.Qd7f5 Ke3
50.Qf5xf6 Kxe4
51.Qf6xh6 Kf4
52.h4 Kg4
53.Qh6xg5 Kh3
54.h5 { resign }
1-0

[Event "Tourn. n7832"]
[Site "www.chess-mail.com"]
[Date "2015.01.07"]
[Round "1"]
[White "Passaroa25"]
[Black "Georgepapi"]
[WhiteElo "1540"]
[BlackElo "1680"]
[Result "0-1"]
[Round "1"]
1.e3 e5
2.d3 d5
3.Nb1d2 Ng8f6
4.h3 Nb8c6
5.c3 Bf8c5
6.Nd2b3 Bc5b6
7.Ng1e2 O-O
8.Ne2g3 Rf8e8
9.Bf1e2 d4
10.Bc1d2 dxe3
11.Bd2xe3 Bb6xe3
12.fxe3 Qd8e7
13.Qd1d2 Bc8e6
14.Be2f3 Ra8d8
15.O-O Be6xb3
16.axb3 e4
17.Ng3xe4 Nf6xe4
18.Bf3xe4 Qe7xe4
19.dxe4 Rd8xd2
20.Rf1f2 Rd2xf2
21.Kxf2 Re8xe4
22.b4 b5
23.Ra1a6 Re4e6
24.g4 Kf8
25.h4 Ke7
26.e4 Kd7
27.Kf3 Nc6e5
28.Kf4 Re6xa6
29.Kxe5 Ra6a2
30.g5 Ra2xb2
31.h5 Rb2g2
32.Kf5 Rg2g3
33.g6 fxg6
34.hxg6 Rg3xg6
35.e5 Rg6g1
36.Ke4 h5
37.Kd5 c6
38.Ke4 h4
39.Kf5 h3
40.e6 Ke7
{ resign }
0-1

[Event "Match"]
[Site "www.echecsemail.com"]
[Date "2015.01.07"]
[Round "1"]
[White "Mrmoto"]
[Black "Norbos"]
[WhiteElo "1610"]
[BlackElo "1650"]
[Result "0-1"]
[Round "1"]
1.e4 e5
2.Ng1f3 d6
3.h3 Ng8f6
4.d3 Nb8c6
5.b3 h6
6.Bc1b2 Bf8e7
7.Nb1d2 d5
8.Qd1e2 d4
9.g4 O-O
10.Bf1g2 Nc6b4
11.O-O Nb4xc2
12.Ra1c1 Nc2b4
13.Nf3xe5 Nb4xa2
14.Rc1a1 Na2b4
15.Rf1c1 c5
16.Ne5c4 Bc8e6
17.e5 Nf6d5
18.f4 Nd5xf4
19.Qe2e4 Nf4xg2
20.Qe4xg2 Nb4xd3
21.Rc1c2 Nd3f4
22.Qg2xb7 Nf4xh3
23.Kf1 Be6xg4
{ resign }
0-1

[Event "Match"]
[Site "www.echecsemail.com"]
[Date "2015.01.07"]
[Round "1"]
[White "Joseph1983"]
[Black "Capitaine"]
[WhiteElo "2190"]
[BlackElo "2330"]
[Result "1-0"]
[Round "1"]
1.d4 Ng8f6
2.c4 c5
3.Ng1f3 g6
4.Nb1c3 Bf8g7
5.e4 cxd4
6.Nf3xd4 d6
7.Bf1e2 O-O
8.O-O Nb8c6
9.Bc1e3 Bc8d7
10.Qd1d2 a6
11.f4 b5
12.cxb5 Nc6xd4
13.Be3xd4 axb5
14.a3 Bd7c6
15.Be2f3 e5
16.Bd4e3 Qd8c7
17.Ra1d1 Rf8d8
18.f5 Qc7b7
19.fxg6 hxg6
20.Be3g5 Rd8d7
21.Bg5xf6 Bg7xf6
22.Bf3g4 Rd7d8
23.Rf1xf6 { resign }
1-0

[Event "Match"]
[Site "www.echecsemail.com"]
[Date "2015.01.07"]
[Round "1"]
[White "Dominiquer"]
[Black "Fred"]
[WhiteElo "1870"]
[BlackElo "1910"]
[Result "0-1"]
[Round "1"]
1.e4 e5
2.Ng1f3 Nb8c6
3.Bf1c4 Bf8c5
4.b4 Bc5xb4
5.c3 Bb4a5
6.d4 exd4
7.O-O dxc3
8.Qd1d5 Qd8e7
9.Nf3g5 Ng8h6
10.Qd5d3 Nc6e5
11.Qd3d5 Ba5b4
12.Qd5b5 O-O
13.a3 Bb4d6
14.Nb1xc3 c6
15.Qb5b3 b5
16.Bc4e2 a6
17.f4 Ne5g4
18.Nc3d1 Bd6c5
19.Bc1e3 Bc5xe3
20.Nd1xe3 Qe7c5
21.Be2xg4 Nh6xg4
22.Rf1f3 h6
23.h3 Ng4xe3
24.Rf3xe3 hxg5
25.fxg5 Qc5xg5
26.Re3g3 Qg5e5
27.Ra1f1 d6
28.Qb3e3 Bc8e6
29.Rg3g5 f5
30.Rg5g6 fxe4
31.Qe3h6 Rf8xf1
32.Kxf1 Ra8f8
33.Ke2 Be6c4
34.Kd2 Qe5d4
{ resign }
0-1

[Event "Match"]
[Site "www.echecsemail.com"]
[Date "2015.01.07"]
[Round "1"]
[White "Hyeena"]
[Black "Kollipaa"]
[WhiteElo "1429"]
[BlackElo "1950"]
[Result "0-1"]
[Round "1"]
1.g4 d5
2.g5 e6
3.h4 Ng8e7
4.Bf1h3 c5
5.b3 Ne7c6
6.f4 Bf8d6
7.e3 d4
8.Ng1e2 e5
9.Bc1a3 Bc8xh3
10.Rh1xh3 Qd8d7
11.Ne2g1 b5
 { time }
0-1

[Event "Match"]
[Site "www.echecsemail.com"]
[Date "2015.01.07"]
[Round "1"]
[White "Glenno"]
[Black "Joseph1983"]
[WhiteElo "2360"]
[BlackElo "2180"]
[Result "1-0"]
[Round "1"]
1.e4 c5
2.Ng1f3 d6
3.d4 cxd4
4.Nf3xd4 Ng8f6
5.Nb1c3 a6
6.Bc1g5 e6
7.f4 Bf8e7
8.Qd1f3 Qd8c7
9.O-O-O b5
10.e5 Bc8b7
11.Qf3g3 dxe5
12.fxe5 Nf6d5
13.Bg5xe7 Nd5xe7
14.Qg3xg7 Rh8g8
15.Qg7xh7 Nb8d7
16.Bf1xb5 O-O-O
17.Qh7xf7 { resign }
1-0

[Event "Match"]
[Site "www.echecsemail.com"]
[Date "2015.01.07"]
[Round "1"]
[White "Rindrandria"]
[Black "Ranjachess"]
[WhiteElo "1520"]
[BlackElo "1470"]
[Result "0-1"]
[Round "1"]
1.e3 d5
2.h3 Ng8f6
3.b3 e5
4.c4 d4
5.exd4 exd4
6.Bc1b2 Nf6e4
7.f3 Ne4g3
8.Rh1h2 Bc8f5
9.Ng1e2 Ng3xf1
10.Kxf1 Bf5d3
11.b4 Bd3xe2
12.Qd1xe2 Qd8e7
13.g3 Nb8c6
14.Qe2e4 O-O-O
15.b5 Qe7b4
16.d3 Bf8c5
17.bxc6 Rh8e8
18.cxb7 Kb8
19.Qe4h4 Qb4e1
20.Kg2 Re8e2

0-1

[Event "Match"]
[Site "www.echecsemail.com"]
[Date "2015.01.07"]
[Round "1"]
[White "Jose"]
[Black "Micheles"]
[WhiteElo "1809"]
[BlackElo "2590"]
[Result "1/2-1/2"]
[Round "1"]
1.Ng1f3 Ng8f6
2.c4 g6
3.Nb1c3 Bf8g7
4.e4 d6
5.d4 O-O
6.Bf1e2 e5
7.O-O exd4
8.Nf3xd4 Rf8e8
9.f3 c6
10.Nd4c2 Nb8a6
11.Bc1e3 Na6c7
12.Qd1d2 d5
13.Ra1d1 Bc8e6
14.cxd5 cxd5
15.e5 Nf6d7
16.f4 f6
17.Nc2d4 Be6f7
18.Nd4b5 Nc7xb5
19.Nc3xb5 fxe5
20.Nb5d6 exf4
21.Nd6xf7 Qd8e7
22.Nf7h6 Bg7xh6
23.Qd2xd5 Kh8
24.Be3d4 Nd7f6
25.Be2f3 Bh6g7
26.Qd5xb7 Qe7xb7
27.Bf3xb7 Ra8b8
28.Bb7c6 Re8c8
29.Bc6f3 Nf6g8
30.Bd4xg7 Kxg7
31.Rd1d7 Kh6
32.b3 a5
33.Rd7d5 a4
34.bxa4 Rb8b2
35.Rd5b5 Rb2xa2
36.Bf3b7 Rc8f8
37.a5 g5
38.a6 Ng8e7
39.Rb5b6 Ne7g6
40.Bb7d5 Ra2a5
41.Bd5f3 Rf8d8
42.h3 Rd8d3
43.Rf1b1 Rd3d2
44.Rb6e6 Rd2a2
45.Rb1b6 Ra5a3
46.Kf1 Ra2d2
47.Ke1 Rd2c2
48.Re6d6 Ra3a1
49.Rd6d1 Ra1a2
50.Rb6e6 Kg7
51.Rd1d7 { draw }
1/2-1/2

[Event "1/16 Finale"]
[Site "www.chess-mail.com"]
[Date "2015.01.07"]
[Round "1"]
[White "Cobraxx7"]
[Black "Stebac"]
[WhiteElo "2540"]
[BlackElo "2710"]
[Result "1-0"]
[Round "1"]
1.e4 d6
2.d4 Ng8f6
3.Nb1c3 g6
4.Ng1f3 Bf8g7
5.Bf1c4 c6
6.e5 dxe5
7.Nf3xe5 O-O
8.O-O Nb8d7
9.Bc1g5 Nd7b6
10.Bc4b3 Nf6d5
11.Nc3xd5 cxd5
12.a4 Bc8e6
13.Rf1e1 Ra8c8
14.c3 Nb6c4
15.Ne5xc4 dxc4
16.Bb3c2 Rf8e8
17.Bc2e4 h6
18.Bg5h4 Qd8d7
19.h3 g5
20.Bh4g3 Rc8d8
21.Be4c2 Be6f5
22.Bc2xf5 Qd7xf5
23.Re1e3 Qf5d7
24.Qd1e2 Rd8c8
25.f4 Rc8c6
26.Ra1f1 b6
27.fxg5 hxg5
28.Rf1e1 Kf8
29.Bg3e5 f6
30.Be5g3 e6
31.Qe2g4 a6
32.Qg4f3 Re8c8
33.h4 gxh4
34.Bg3xh4 Qd7f7
35.Qf3h3 { resign }
1-0

[Event "1/128 Finale"]
[Site "www.chess-mail.com"]
[Date "2015.01.07"]
[Round "1"]
[White "Spartacus42"]
[Black "Andersspike"]
[WhiteElo "1809"]
[BlackElo "1649"]
[Result "1-0"]
[Round "1"]
1.e4 e6
2.Ng1f3 d5
3.exd5 exd5
4.d4 Bf8d6
5.Bf1d3 Bc8g4
6.O-O Nb8c6
7.c3 Ng8e7
8.Bc1g5 f6
9.Bg5h4 Qd8d7
10.Nb1d2 g5
11.Bh4g3 O-O-O
12.b4 Rd8g8
13.b5  { time }
1-0

[Event "1/64 Finale"]
[Site "www.chess-mail.com"]
[Date "2015.01.07"]
[Round "1"]
[White "Blackpool"]
[Black "Lundberg"]
[WhiteElo "1720"]
[BlackElo "1900"]
[Result "0-1"]
[Round "1"]
1.d4 Ng8f6
2.c4 e6
3.Nb1c3 b6
4.Bc1g5 Bf8e7
5.e3 Bc8b7
6.Ng1f3 O-O
7.Bf1d3 c5
8.O-O Nb8c6
9.a3 cxd4
10.exd4 d5
11.cxd5 Nf6xd5
12.Bg5xe7 Nc6xe7
13.Nc3xd5 Ne7xd5
14.Bd3e4 Qd8e7
15.Rf1e1 Ra8c8
16.Nf3e5 Rc8c7
17.Ra1c1 Rf8c8
18.Rc1xc7 Rc8xc7
19.Qd1d2 f6
20.Ne5f3 Qe7d6
21.Re1c1 Rc7xc1
22.Qd2xc1 g6
23.h3 Nd5f4
24.Qc1e3 Bb7xe4
25.Qe3xe4 Nf4d5
26.g3 Kg7
{ resign }
0-1

[Event "1/64 Finale"]
[Site "www.chess-mail.com"]
[Date "2015.01.07"]
[Round "1"]
[White "Hennie4820"]
[Black "Tenzinnima"]
[WhiteElo "1980"]
[BlackElo "2140"]
[Result "0-1"]
[Round "1"]
1.e4 c5
2.Ng1f3 d6
3.d4 cxd4
4.Nf3xd4 Ng8f6
5.Nb1c3 g6
6.f4 Nb8c6
7.Nd4xc6 bxc6
8.Bf1d3 Qd8b6
9.Ra1b1 Bf8g7
10.Qd1e2 Bc8g4
11.Qe2e3 O-O
12.Qe3xb6 axb6
13.Kf2 Bg4e6
14.a3 Nf6d7
15.Bc1d2 f5
16.Rh1e1 Nd7c5
17.exf5 Nc5xd3
18.cxd3 Be6xf5
19.Re1e3 Bg7d4
20.Ke2 Bd4xe3
21.Bd2xe3 b5
22.h3 Kf7
23.g4 Bf5e6
24.Rb1f1 Ke8
25.Kd2 Kd7
26.d4 Be6c4
27.Rf1f2 b4
28.axb4 Ra8a1
29.Rf2h2 Rf8b8
{ resign }
0-1

[Event "Eq:CONFOEDERATIONIS HELVETICAE-Los Tercios : "]
[Site "www.chess-mail.com"]
[Date "2015.01.07"]
[Round "1"]
[White "Schwiizer"]
[Black "Lui"]
[WhiteElo "2640"]
[BlackElo "2400"]
[Result "1-0"]
[Round "1"]
1.e4 e5
2.Ng1f3 Nb8c6
3.Bf1c4 Bf8c5
4.b4 Bc5xb4
5.c3 Bb4a5
6.d4 exd4
7.O-O Ng8e7
8.cxd4 d5
9.exd5 Ne7xd5
10.Bc1a3 Bc8e6
11.Bc4b5 Ba5b4
12.Bb5xc6 bxc6
13.Ba3xb4 Nd5xb4
14.Qd1a4 Qd8d6
15.Nb1d2 Nb4d5
16.Nd2e4 Qd6d7
17.Nf3e5 Nd5b6
18.Qa4a3 Qd7d5
19.Rf1e1 Nb6d7
20.Ne5d3 a5
21.Nd3f4 Qd5f5
22.g3 Nd7b6
23.Ra1c1 Nb6d5
24.Rc1xc6 Nd5xf4
25.Rc6xc7 { resign }
1-0

[Event "Fast Game"]
[Site "www.echecsemail.com"]
[Date "2015.01.07"]
[Round "1"]
[White "Stevep84"]
[Black "Tonino1"]
[WhiteElo "1969"]
[BlackElo "1910"]
[Result "1-0"]
[Round "1"]
1.e4 c5
2.Ng1f3 Nb8c6
3.d4 cxd4
4.Nf3xd4 g6
5.c4 Bf8g7
6.Bc1e3 Ng8f6
7.Nb1c3 O-O
8.Bf1e2 a6
9.O-O d6
10.Qd1d2 Rf8e8
11.Nd4xc6 bxc6
12.Be3h6 Qd8b6
13.Bh6xg7 Kxg7
14.Kh1 Nf6g4
15.Be2xg4 Bc8xg4
16.f3 Bg4e6
17.b3 Ra8b8
18.Qd2b2 Kg8
19.Nc3a4 Qb6b4
20.Qb2e2 d5
21.cxd5 cxd5
22.exd5 Be6xd5
23.Qe2xa6 Rb8a8
24.Qa6e2 Re8b8
25.Qe2f2 Bd5c6
26.Na4b2 Rb8d8
27.Qf2e1 Rd8d2
28.Nb2c4 Ra8xa2
29.Ra1xa2 { resign }
1-0

[Event "Tourn. n7953"]
[Site "www.chess-mail.com"]
[Date "2015.01.08"]
[Round "1"]
[White "Asibicho"]
[Black "Llcervello"]
[WhiteElo "1900"]
[BlackElo "1710"]
[Result "1-0"]
[Round "1"]
1.e4 e5
2.Ng1f3 d6
3.d4 f6
4.dxe5 fxe5
5.Nb1c3 c5
6.Nf3xe5 Qd8e7
7.Qd1h5 g6
8.Ne5xg6 Ng8f6
9.Ng6xe7 Nf6xh5
10.Ne7xc8 Nb8c6
11.Bf1e2 Nh5f6
12.Bc1g5 Nf6d7
13.Be2h5 { resign }
1-0

[Event "Tourn. n7933"]
[Site "www.chess-mail.com"]
[Date "2015.01.08"]
[Round "1"]
[White "Cardiff"]
[Black "Syd"]
[WhiteElo "2140"]
[BlackElo "2230"]
[Result "1/2-1/2"]
[Round "1"]
1.c4 e5
2.Nb1c3 Bf8b4
3.Nc3d5 a5
4.a3 Bb4c5
5.e3 c6
6.Nd5c3 Ng8f6
7.d4 exd4
8.exd4 Bc5e7
9.Bf1d3 d5
10.cxd5 Nf6xd5
11.Ng1f3 O-O
12.O-O Bc8g4
13.Nc3e4 Nb8d7
14.h3 Bg4h5
15.Ne4g3 Bh5xf3
16.Qd1xf3 Be7f6
17.Bc1e3 Nd7b6
18.Ng3h5 Qd8d6
19.Nh5xf6 Qd6xf6
20.Qf3xf6 Nd5xf6
21.Be3f4 Nb6d5
22.Bf4e5 { draw }
1/2-1/2

[Event "Tourn. n7968"]
[Site "www.chess-mail.com"]
[Date "2015.01.08"]
[Round "1"]
[White "Falcoale"]
[Black "Amaya"]
[WhiteElo "1890"]
[BlackElo "1890"]
[Result "1-0"]
[Round "1"]
1.e4 e6
2.d4 d5
3.e5 c5
4.c3 Nb8c6
5.Ng1f3 cxd4
6.cxd4 Bf8b4
7.Nb1c3 Ng8e7
8.a3 Bb4a5
9.Bf1b5 O-O
10.O-O Qd8b6
11.b4 Nc6xb4
12.axb4 Ba5xb4
13.Bc1a3 Bb4xc3
14.Ba3xe7 Bc3xa1
15.Be7xf8 Qb6xb5
16.Qd1xa1 Kxf8
17.Qa1a3 Ke8
18.Nf3g5 Qb5d7
19.Ng5xh7 Qd7e7
20.Qa3g3 g6
21.Qg3e3 Bc8d7
22.Qe3h6 Bd7b5
23.Rf1c1 Bb5c4
24.Nh7f6 Kd8
25.Qh6h8 Kc7
26.Qh8xa8 Qe7a3
27.Rc1b1 Bc4b3
28.Qa8e8 Qa3a2
29.Qe8d7 Kb6
30.Qd7d6 Ka5
31.Qd6c5 Ka6
32.Qc5c1 { resign }
1-0